000 01595nam0a2200361 4500
001 RU\NLR\bibl\820897
005 20250614135325.0
010 _a5-699-09658-2
_96000
021 _aRU
_b2005-14125
_9719
035 _aRSL-KNO-002580889
035 _a(NLR Aleph) 000809812
090 _a1234015
_c1234015
100 _a20050314d2005 |||y0rusy50 ca
101 0 _arus
102 _aRU
105 _ay |||||||||
106 _ar
200 1 _aИстребитель "Родина"
_e[фантаст. роман]
_fЕвгений Прошкин
210 _aМ.
_cЭксмо
_d2005
_gТул. тип.
215 _a414,[1] с.
_d21
225 1 _aРусская фантастика
610 0 _aФилологические науки. Художественная литература -- Российская Федерация -- Русская литература -- с сер. 50-х гг. 20 в. -- Произведения художественной литературы -- Художественная проза -- Романы. Повести. Рассказы -- Фантастические и мистические романы, повести, рассказы. Романы ужасов
686 _aШ5(2=Р)75-644.5
_2rubbk
686 _aШ6(2=Р)75-445
700 1 _aПрошкин
_bЕ. А.
_gЕвгений Александрович
_4070
801 0 _aRU
_bRuMoRKP
_c20050314
_grcr
801 1 _aRU
_bRuMoRGB
_c20050314
801 2 _aRU
_bNLR
_c20050718
_gPSBO
830 _aАвт. по кн.
942 _cBOOK
980 _aNB